Vivienda y equipamiento social en el desarrollo urbano
保存先:
| 第一著者: | |
|---|---|
| フォーマット: | 不明 |
| 言語: | Undetermined |
| 出版事項: |
[San José, Costa Rica]
1967
|
| 主題: | |
| タグ: |
タグ追加
タグなし, このレコードへの初めてのタグを付けませんか!
|
MARC
| LEADER | 00000 a2200000 4500 | ||
|---|---|---|---|
| 003 | 011309 | ||
| 005 | 20221231143814.0 | ||
| 008 | 140114s9999 xx 000 0 und d | ||
| 040 | |c cru CEDI | ||
| 090 | |a TFG 370 | ||
| 100 | |a Silva King, Leonardo |9 17834 | ||
| 245 | |a Vivienda y equipamiento social en el desarrollo urbano | ||
| 260 | |c 1967 |a [San José, Costa Rica] | ||
| 300 | |a 176 hojas : ilustraciones ; 27 cm | ||
| 500 | |a Tesis de incorporacion (Ingeniero Arquitecto) Universidad de Costa Rica. | ||
| 501 | |a Ed. mimeografiada. | ||
| 650 | |x DESARROLLO URBANO - AMERICA LATINA |9 17835 | ||
| 942 | |c TFG | ||
| 999 | |c 12265 |d 12265 | ||
